VIP... Tradotti - Statistics

Statistiche generali
  • Questo quiz è stato fatto 202 volte
  • Il punteggio medio è 8 su 15
Statistiche sulle risposte
Nome tradotto Personaggio famoso % Corretto
Tommaso Crociera Tom Cruise
93%
Giorgio Michele George Michael
78%
Enrico Stili Harry Styles
72%
Michele J. Volpe Michael J. Fox
72%
Nicola Gabbia Nicholas Cage
72%
Alice Chiavi Alicia Keys
69%
Federico Mercurio Freddie Mercury
64%
Stefano Lavori Steve Jobs
64%
Carlo Luigi Carl Lewis
42%
Geremia Ferri Jeremy Irons
41%
Cassio Argilla Cassius Clay
31%
Caterina Muschio Kate Moss
19%
Bernardino Bianco Barry White
17%
Tommaso Matasse Tom Hanks
13%
Edoardo Patata Eddie Murphy
4%
Nessun quiz corrispondente trovato
Distribuzione punteggi
Percentuale di utenti per punteggio
Percentile per numero di risposta
I tuoi punteggi nel tempo
Non hai fatto questo quiz